Statistics for Creepypasta Creatures

Click here to take the quiz!

General Stats

  • This quiz has been taken 262 times
  • The average score is 9 of 15

Answer Stats

Hint Answer % Correct
A knife wielding killer ( male )Jeff the Killer
98%
Tall and always watchingSlenderman
98%
He drownedBen
85%
A knife wielding killer ( female )Jane the Killer
85%
Watches you in minecraftHerobrine
83%
a gray crouching humanoidThe Rake
78%
A scary imageSmile Dog
73%
black and white clownLaughing Jack
65%
Always wears this on his faceMasky
52%
Cartoon characterSquidward
43%
A skeletonThe SkinTaker
28%
Red distorted imagesZalgo
27%
scary fruitHappy Appy
25%
Small large mouthed creatureMr. WideMouth
25%
Through the treesThe Seed Eater
17%

Score Distribution

Percentile by Number Answered

Percent of People with Each Score

Your Score History

You have not taken this quiz